Lectures on quantum mechanics

Spremljeno u:
Bibliografski detalji
Glavni autor: Baym, Gordon (Autor)
Format: Knjiga
Jezik:engleski
Izdano: Nueva York Westview Press 1990
Izdanje:1a. ed
Serija:Lecture Notes and Supplements in Physics
Teme:
Oznake: Dodaj oznaku
Bez oznaka, Budi prvi tko označuje ovaj zapis!

MARC

LEADER 00000cam a2200000 a 4500
001 UCE6573
003 CL-VaPUC
008 150423e19900000us |||||||||||||||||eng|d
020 |a 0805306676 
082 0 4 |a 530.12  |b BAY  |2 21 
100 0 |a Baym, Gordon  |e author  |9 579225 
245 1 0 |a Lectures on quantum mechanics 
250 |a 1a. ed 
300 |a 594 p 
942 |c BK 
945 |d 20150423 11:40:00  |a cmena 
260 |a Nueva York  |b Westview Press  |c 1990 
650 0 |a Física matemática   |9 260981 
650 0 |a Teoría cuántica  |9 266148 
650 0 |a Mecánica cuántica  |9 306806 
583 |a last modification  |c 20150423 11:40:00  |k Rodrigo Vera 
490 0 |a Lecture Notes and Supplements in Physics 
999 |c 358869  |d 358867 
952 |0 0  |1 0  |3 erb  |4 0  |6 530_120000000000000_BAY_1990  |7 0  |8 A  |9 467809  |a BIBCUR  |b BIBCUR  |i 5146801  |o 530.12 BAY 1990  |p 5146801  |r 2025-04-22  |w 2019-11-23  |y BK  |z Catalogado en:20150423  |k FIS 
952 |0 0  |1 0  |3 erb  |4 0  |6 530_120000000000000_BAY_1990  |7 0  |8 A  |9 467810  |a BIBCUR  |b BIBCUR  |i 5160596  |o 530.12 BAY 1990  |p 5160596  |r 2025-04-22  |w 2019-11-23  |y BK  |z Catalogado en:20150529  |k FIS